[Event "Stay Safe Play From Home 274"]
[Site "Emanuel Lasker Arena"]
[Date "2020.07.03"]
[Round "2"]
[White "Buzaglo"]
[Black "NeatFox"]
[Result "0-1"]
[WhiteElo "1938"]
[BlackElo "1942"]
[PlyCount "136"]
[EventDate "2020.07.03"]
[EventType "swiss (blitz)"]

1. d4 {[%emt 0:00:00]} d5 {[%emt 0:00:01]} 2. Nf3 {[%emt 0:00:00]} Nf6 {[%emt 0:00:00]} 3. g3 {[%emt 0:00:00]} e6 {[%emt 0:00:00]} 4. Bg2 {[%emt 0:00:00]} Bd6 {[%emt 0:00:00]} 5. O-O {[%emt 0:00:00]} O-O {[%emt 0:00:00]} 6. c4 {[%emt 0:00:01]} dxc4 {[%emt 0:00:01]} 7. Nbd2 {[%emt 0:00:01]} c5 {[%emt 0:00:00]} 8. Nxc4 {[%emt 0:00:01]} cxd4 {[%emt 0:00:01]} 9. Nxd6 {[%emt 0:00:01]} Qxd6 {[%emt 0:00:00]} 10. Bf4 {[%emt 0:00:01]} Qa6 {[%emt 0:00:01]} 11. Nxd4 {[%emt 0:00:03]} Nc6 {[%emt 0:00:02]} 12. Nb3 {[%emt 0:00:01]} Rd8 {[%emt 0:00:03]} 13. Qc2 {[%emt 0:00:02]} Bd7 {[%emt 0:00:01]} 14. Rac1 {[%emt 0:00:02]} Be8 {[%emt 0:00:01]} 15. Nc5 {[%emt 0:00:01]} Qb6 {[%emt 0:00:01]} 16. Be3 {[%emt 0:00:02]} Qc7 {[%emt 0:00:01]} 17. Nb3 {[%emt 0:00:02]} Rac8 {[%emt 0:00:01]} 18. Qb1 {[%emt 0:00:02]} Qe7 {[%emt 0:00:02]} 19. Rfd1 {[%emt 0:00:01]} Nd5 {[%emt 0:00:02]} 20. Bd2 {[%emt 0:00:01]} Qf6 {[%emt 0:00:01]} 21. Rf1 {[%emt 0:00:03]} Ncb4 {[%emt 0:00:02]} 22. Bxb4 {[%emt 0:00:02]} Nxb4 {[%emt 0:00:00]} 23. Rxc8 {[%emt 0:00:01]} Rxc8 {[%emt 0:00:00]} 24. a3 {[%emt 0:00:01]} Nd5 {[%emt 0:00:01]} 25. Nd2 {[%emt 0:00:02]} Bc6 {[%emt 0:00:00]} 26. Nf3 {[%emt 0:00:01]} Nb6 {[%emt 0:00:01]} 27. e4 {[%emt 0:00:01]} Qg6 {[%emt 0:00:03]} 28. e5 {[%emt 0:00:01]} Qxb1 {[%emt 0:00:01]} 29. Rxb1 {[%emt 0:00:00]} Nc4 {[%emt 0:00:00]} 30. b3 {[%emt 0:00:01]} Nxa3 {[%emt 0:00:01]} 31. Ra1 {[%emt 0:00:00]} Nb5 {[%emt 0:00:00]} 32. Nd2 {[%emt 0:00:03]} Bxg2 {[%emt 0:00:01]} 33. Kxg2 {[%emt 0:00:01]} a6 {[%emt 0:00:01]} 34. Nc4 {[%emt 0:00:01]} Nd4 {[%emt 0:00:03]} 35. Rb1 {[%emt 0:00:02]} Nc6 {[%emt 0:00:02]} 36. Nd6 {[%emt 0:00:01]} Rc7 {[%emt 0:00:01]} 37. Rd1 {[%emt 0:00:01]} Nxe5 {[%emt 0:00:01]} 38. Nb5 {[%emt 0:00:05]} Rc8 {[%emt 0:00:02]} 39. Na7 {[%emt 0:00:01]} Ra8 {[%emt 0:00:03]} 40. f4 {[%emt 0:00:04]} Nc6 {[%emt 0:00:03]} 41. Rd7 {[%emt 0:00:01]} g6 {[%emt 0:00:01]} 42. Rxb7 {[%emt 0:00:02]} Nxa7 {[%emt 0:00:01]} 43. Rb6 {[%emt 0:00:00]} Nb5 {[%emt 0:00:01]} 44. b4 {[%emt 0:00:02]} Nd4 {[%emt 0:00:01]} 45. h4 {[%emt 0:00:00]} Kg7 {[%emt 0:00:01]} 46. h5 {[%emt 0:00:00]} gxh5 {[%emt 0:00:01]} 47. g4 {[%emt 0:00:01]} hxg4 {[%emt 0:00:01]} 48. f5 {[%emt 0:00:01]} Nc2 {[%emt 0:00:00]} 49. f6+ {[%emt 0:00:00]} Kxf6 {[%emt 0:00:01]} 50. Rd6 {[%emt 0:00:00]} Nxb4 {[%emt 0:00:00]} 51. Rd7 {[%emt 0:00:00]} e5 {[%emt 0:00:00]} 52. Rb7 {[%emt 0:00:00]} e4 {[%emt 0:00:00]} 53. Rxb4 {[%emt 0:00:00]} e3 {[%emt 0:00:00]} 54. Rf4+ {[%emt 0:00:00]} Kg5 {[%emt 0:00:00]} 55. Rf1 {[%emt 0:00:00]} Kh4 {[%emt 0:00:00]} 56. Re1 {[%emt 0:00:00]} Kg5 {[%emt 0:00:00]} 57. Kg1 {[%emt 0:00:00]} g3 {[%emt 0:00:00]} 58. Kg2 {[%emt 0:00:00]} f5 {[%emt 0:00:00]} 59. Kg1 {[%emt 0:00:00]} f4 {[%emt 0:00:00]} 60. Kg2 {[%emt 0:00:00]} f3+ {[%emt 0:00:00]} 61. Kg1 {[%emt 0:00:00]} f2+ {[%emt 0:00:00]} 62. Kh1 {[%emt 0:00:00]} fxe1=Q+ {[%emt 0:00:00]} 63. Kg2 {[%emt 0:00:00]} e2 {[%emt 0:00:00]} 64. Kf3 {[%emt 0:00:00]} Qf1+ {[%emt 0:00:00]} 65. Ke4 {[%emt 0:00:00]} g2 {[%emt 0:00:00]} 66. Kd5 {[%emt 0:00:00]} g1=Q {[%emt 0:00:00]} 67. Kc4 {[%emt 0:00:00]} Qf4+ {[%emt 0:00:00]} 68. Kd5 {[%emt 0:00:00]} Rc8 {[%emt 0:00:00] Time (Lag: Av=0.62s, max=1.3s)} 0-1

[Event "Stay Safe Play From Home 274"]
[Site "Emanuel Lasker Arena"]
[Date "2020.07.03"]
[Round "2"]
[White "Grizzzly"]
[Black "The Next Contender"]
[Result "1-0"]
[WhiteElo "1821"]
[BlackElo "2036"]
[PlyCount "109"]
[EventDate "2020.07.03"]
[EventType "swiss (blitz)"]

1. d3 {[%emt 0:00:01]} d5 {[%emt 0:00:00]} 2. c4 {[%emt 0:00:00]} d4 {[%emt 0:00:01]} 3. Nf3 {[%emt 0:00:01]} c5 {[%emt 0:00:01]} 4. g3 {[%emt 0:00:00]} Nc6 {[%emt 0:00:01]} 5. Bg2 {[%emt 0:00:00]} g6 {[%emt 0:00:00]} 6. O-O {[%emt 0:00:00]} Bg7 {[%emt 0:00:01]} 7. Bf4 {[%emt 0:00:01]} Nf6 {[%emt 0:00:00]} 8. Ne5 {[%emt 0:00:01]} O-O {[%emt 0:00:01]} 9. Bxc6 {[%emt 0:00:05]} bxc6 {[%emt 0:00:01]} 10. Nxc6 {[%emt 0:00:00]} Qd7 {[%emt 0:00:01]} 11. Ne5 {[%emt 0:00:01]} Qd8 {[%emt 0:00:02]} 12. Nd2 {[%emt 0:00:01]} Bb7 {[%emt 0:00:01]} 13. e3 {[%emt 0:00:02]} Nh5 {[%emt 0:00:02]} 14. exd4 {[%emt 0:00:02]} cxd4 {[%emt 0:00:00]} 15. Qg4 {[%emt 0:00:05]} f5 {[%emt 0:00:06]} 16. Qg5 {[%emt 0:00:02]} Bf6 {[%emt 0:00:02]} 17. Qh6 {[%emt 0:00:02]} Bg7 {[%emt 0:00:01]} 18. Qg5 {[%emt 0:00:01]} Bf6 {[%emt 0:00:01]} 19. Qh6 {[%emt 0:00:01]} Nxf4 {[%emt 0:00:01]} 20. Qxf4 {[%emt 0:00:01]} Qd6 {[%emt 0:00:02]} 21. Rfe1 {[%emt 0:00:02]} Rab8 {[%emt 0:00:03]} 22. b3 {[%emt 0:00:01]} e6 {[%emt 0:00:02]} 23. Ndf3 {[%emt 0:00:02]} g5 {[%emt 0:00:04]} 24. Qxd4 {[%emt 0:00:01]} Qxd4 {[%emt 0:00:01]} 25. Nxd4 {[%emt 0:00:01]} Bxe5 {[%emt 0:00:00]} 26. Rxe5 {[%emt 0:00:01]} Rfd8 {[%emt 0:00:00]} 27. Nxe6 {[%emt 0:00:02]} Rxd3 {[%emt 0:00:01]} 28. Nxg5 {[%emt 0:00:01]} Rbd8 {[%emt 0:00:01]} 29. Rae1 {[%emt 0:00:02]} Rd1 {[%emt 0:00:01]} 30. h4 {[%emt 0:00:04]} h6 {[%emt 0:00:01]} 31. Re8+ {[%emt 0:00:01]} Rxe8 {[%emt 0:00:04]} 32. Rxd1 {[%emt 0:00:01]} hxg5 {[%emt 0:00:00]} 33. hxg5 {[%emt 0:00:01]} Kg7 {[%emt 0:00:02]} 34. Rd7+ {[%emt 0:00:01]} Kg6 {[%emt 0:00:00]} 35. Rxb7 {[%emt 0:00:00]} Re1+ {[%emt 0:00:01]} 36. Kg2 {[%emt 0:00:01]} Re2 {[%emt 0:00:00]} 37. Rxa7 {[%emt 0:00:01]} Kxg5 {[%emt 0:00:00]} 38. c5 {[%emt 0:00:00]} Rc2 {[%emt 0:00:02]} 39. b4 {[%emt 0:00:01]} f4 {[%emt 0:00:00]} 40. a4 {[%emt 0:00:03]} fxg3 {[%emt 0:00:01]} 41. Rg7+ {[%emt 0:00:01]} Kf5 {[%emt 0:00:01]} 42. Rxg3 {[%emt 0:00:00]} Ke5 {[%emt 0:00:01]} 43. Rf3 {[%emt 0:00:00]} Kd5 {[%emt 0:00:00]} 44. Re3 {[%emt 0:00:00]} Rb2 {[%emt 0:00:01]} 45. Rd3+ {[%emt 0:00:00]} Kc4 {[%emt 0:00:00]} 46. Rd5 {[%emt 0:00:01]} Kxb4 {[%emt 0:00:01]} 47. c6 {[%emt 0:00:00]} Rc2 {[%emt 0:00:01]} 48. c7 {[%emt 0:00:00]} Rxc7 {[%emt 0:00:01]} 49. Rb5+ {[%emt 0:00:00]} Kc4 {[%emt 0:00:01]} 50. Rf5 {[%emt 0:00:00]} Kb4 {[%emt 0:00:01]} 51. Rf4+ {[%emt 0:00:00]} Ka5 {[%emt 0:00:01]} 52. Kg3 {[%emt 0:00:00]} Re7 {[%emt 0:00:01]} 53. f3 {[%emt 0:00:00]} Rg7+ {[%emt 0:00:01]} 54. Kh4 {[%emt 0:00:01]} Kb6 {[%emt 0:00:00]} 55. Rf5 {[%emt 0:00:00] Time (Lag: Av=0.45s, max=0.9s)} 1-0

[Event "Stay Safe Play From Home 274"]
[Site "Emanuel Lasker Arena"]
[Date "2020.07.03"]
[Round "3"]
[White "Uber_WING"]
[Black "Grizzzly"]
[Result "1-0"]
[WhiteElo "2405"]
[BlackElo "1848"]
[PlyCount "71"]
[EventDate "2020.07.03"]
[EventType "swiss (blitz)"]

1. e4 {[%emt 0:00:01]} c6 {[%emt 0:00:00]} 2. Nc3 {[%emt 0:00:00]} d5 {[%emt 0:00:00]} 3. d3 {[%emt 0:00:00]} d4 {[%emt 0:00:01]} 4. Nce2 {[%emt 0:00:01]} e5 {[%emt 0:00:00]} 5. g3 {[%emt 0:00:00]} Nf6 {[%emt 0:00:01]} 6. Bg2 {[%emt 0:00:00]} Bb4+ {[%emt 0:00:01]} 7. Bd2 {[%emt 0:00:01]} Bxd2+ {[%emt 0:00:01]} 8. Qxd2 {[%emt 0:00:00]} c5 {[%emt 0:00:00]} 9. h3 {[%emt 0:00:00]} O-O {[%emt 0:00:00]} 10. f4 {[%emt 0:00:00]} Nc6 {[%emt 0:00:01]} 11. Nf3 {[%emt 0:00:00]} Qa5 {[%emt 0:00:02]} 12. Qxa5 {[%emt 0:00:02]} Nxa5 {[%emt 0:00:02]} 13. Nxe5 {[%emt 0:00:00]} Re8 {[%emt 0:00:01]} 14. O-O {[%emt 0:00:01]} Nd7 {[%emt 0:00:02]} 15. Nxd7 {[%emt 0:00:01]} Bxd7 {[%emt 0:00:01]} 16. e5 {[%emt 0:00:00]} Bc6 {[%emt 0:00:02]} 17. Bxc6 {[%emt 0:00:00]} Nxc6 {[%emt 0:00:01]} 18. Rae1 {[%emt 0:00:02]} Nb4 {[%emt 0:00:00]} 19. Rc1 {[%emt 0:00:05]} Nxa2 {[%emt 0:00:01]} 20. Ra1 {[%emt 0:00:01]} Nb4 {[%emt 0:00:01]} 21. Rfc1 {[%emt 0:00:01]} b5 {[%emt 0:00:02]} 22. Ra5 {[%emt 0:00:03]} Reb8 {[%emt 0:00:03]} 23. Kf2 {[%emt 0:00:01]} Nd5 {[%emt 0:00:01]} 24. Ke1 {[%emt 0:00:01]} Ne3 {[%emt 0:00:00]} 25. Kd2 {[%emt 0:00:00]} Rb6 {[%emt 0:00:02]} 26. c3 {[%emt 0:00:01]} Nf5 {[%emt 0:00:02]} 27. g4 {[%emt 0:00:02]} dxc3+ {[%emt 0:00:01]} 28. bxc3 {[%emt 0:00:00]} Ne7 {[%emt 0:00:01]} 29. Rca1 {[%emt 0:00:00]} Nc6 {[%emt 0:00:00]} 30. Ra6 {[%emt 0:00:01]} Rxa6 {[%emt 0:00:01]} 31. Rxa6 {[%emt 0:00:00]} b4 {[%emt 0:00:00]} 32. Rxc6 {[%emt 0:00:01]} bxc3+ {[%emt 0:00:01]} 33. Nxc3 {[%emt 0:00:00]} Rb8 {[%emt 0:00:01]} 34. Rxc5 {[%emt 0:00:01]} g6 {[%emt 0:00:01]} 35. Na4 {[%emt 0:00:01]} Rb2+ {[%emt 0:00:00]} 36. Nxb2 {[%emt 0:00:01] Grizzzly gibt auf (Lag: Av=0.32s, max=0.8s)} 1-0

[Event "Stay Safe Play From Home 274"]
[Site "Emanuel Lasker Arena"]
[Date "2020.07.03"]
[Round "3"]
[White "BrainThinker22"]
[Black "Lamborghini"]
[Result "1-0"]
[WhiteElo "2325"]
[BlackElo "2292"]
[Annotator "NA"]
[PlyCount "95"]
[EventDate "2020.07.03"]
[EventType "swiss (blitz)"]

1. e4 {[%emt 0:00:01]} c5 {[%emt 0:00:02]} 2. Nc3 {[%emt 0:00:01]} d6 {[%emt 0:00:01]} 3. g3 {[%emt 0:00:00]} Nc6 {[%emt 0:00:01]} 4. Bg2 {[%emt 0:00:00]} Bd7 {[%emt 0:00:00]} 5. d3 {[%emt 0:00:00]} Qc8 {[%emt 0:00:00]} 6. Be3 {[%emt 0:00:00]} Rb8 {[%emt 0:00:01]} 7. Qd2 {[%emt 0:00:00]} b5 {[%emt 0:00:01]} 8. a3 {[%emt 0:00:00]} g6 {[%emt 0:00:01]} 9. Nge2 {[%emt 0:00:01]} h5 {[%emt 0:00:01]} 10. h3 {[%emt 0:00:01]} a5 {[%emt 0:00:02]} 11. f4 {[%emt 0:00:01]} Bg7 {[%emt 0:00:03]} 12. e5 {[%emt 0:00:02]} b4 {[%emt 0:00:04]} 13. axb4 {[%emt 0:00:00]} axb4 {[%emt 0:00:01]} 14. Nd1 {[%emt 0:00:01]} Nh6 {[%emt 0:00:03]} 15. c3 {[%emt 0:00:01]} bxc3 {[%emt 0:00:02]} 16. bxc3 {[%emt 0:00:00]} dxe5 {[%emt 0:00:04]} 17. Bxc5 {[%emt 0:00:01]} exf4 {[%emt 0:00:04]} 18. Nxf4 {[%emt 0:00:01]} Nf5 {[%emt 0:00:01]} 19. Qf2 {[%emt 0:00:02]} O-O {[%emt 0:00:02]} 20. d4 {[%emt 0:00:03]} e5 {[%emt 0:00:04]} 21. Bxf8 {[%emt 0:00:03]} Qxf8 {[%emt 0:00:03]} 22. d5 {[%emt 0:00:02]} exf4 {[%emt 0:00:02]} 23. dxc6 {[%emt 0:00:00]} Re8+ {[%emt 0:00:02]} 24. Kf1 {[%emt 0:00:02]} fxg3 {[%emt 0:00:01]} 25. Qf3 {[%emt 0:00:05]} Be6 {[%emt 0:00:01]} 26. c7 {[%emt 0:00:03]} Qc5 {[%emt 0:00:02]} 27. Nf2 {[%emt 0:00:13]} Bc4+ {[%emt 0:00:01]} 28. Kg1 {[%emt 0:00:01]} gxf2+ {[%emt 0:00:01]} 29. Qxf2 {[%emt 0:00:00]} Qxc7 {[%emt 0:00:01]} 30. Re1 {[%emt 0:00:01]} Rxe1+ {[%emt 0:00:02]} 31. Qxe1 {[%emt 0:00:00]} Ng3 {[%emt 0:00:01]} 32. Rh2 {[%emt 0:00:03]} Ne2+ {[%emt 0:00:01]} 33. Kh1 {[%emt 0:00:00]} Ng3+ {[%emt 0:00:01]} 34. Kg1 {[%emt 0:00:00]} h4 {[%emt 0:00:00]} 35. Qe3 {[%emt 0:00:02]} Bf6 {[%emt 0:00:01]} 36. Be4 {[%emt 0:00:01]} Be7 {[%emt 0:00:02]} 37. Rg2 {[%emt 0:00:01]} Bc5 {[%emt 0:00:01]} 38. Kf2 {[%emt 0:00:01]} Bxe3+ {[%emt 0:00:01]} 39. Kxe3 {[%emt 0:00:00]} Qe5 {[%emt 0:00:00]} 40. Rd2 {[%emt 0:00:01]} Qxe4+ {[%emt 0:00:01]} 41. Kf2 {[%emt 0:00:00]} Qe1+ {[%emt 0:00:01]} 42. Kxe1 {[%emt 0:00:01]} Kg7 {[%emt 0:00:00]} 43. Rd8 {[%emt 0:00:00]} Nf5 {[%emt 0:00:00]} 44. Rd4 {[%emt 0:00:00]} Ne3 {[%emt 0:00:00]} 45. Rg4 {[%emt 0:00:00]} Nc2+ {[%emt 0:00:00]} 46. Kd2 {[%emt 0:00:01]} Be6 {[%emt 0:00:00]} 47. Rxg6+ {[%emt 0:00:00]} Kxg6 {[%emt 0:00:01]} 48. Kxc2 {[%emt 0:00:00] Zeit (Lag: Av=0.53s, max=1.9s)} 1-0

[Event "Stay Safe Play From Home 274"]
[Site "Emanuel Lasker Arena"]
[Date "2020.07.03"]
[Round "3"]
[White "Praveen Prasad"]
[Black "Broken sword"]
[Result "0-1"]
[WhiteElo "2246"]
[BlackElo "2428"]
[PlyCount "82"]
[EventDate "2020.07.03"]
[EventType "swiss (blitz)"]

1. e4 {[%emt 0:00:01]} c5 {[%emt 0:00:01]} 2. Nf3 {[%emt 0:00:01]} e6 {[%emt 0:00:00]} 3. d3 {[%emt 0:00:00]} a6 {[%emt 0:00:01]} 4. Be2 {[%emt 0:00:01]} b5 {[%emt 0:00:00]} 5. c4 {[%emt 0:00:01]} Bb7 {[%emt 0:00:01]} 6. O-O {[%emt 0:00:01]} Nc6 {[%emt 0:00:01]} 7. a4 {[%emt 0:00:01]} bxc4 {[%emt 0:00:02]} 8. dxc4 {[%emt 0:00:02]} d6 {[%emt 0:00:00]} 9. b3 {[%emt 0:00:01]} Nf6 {[%emt 0:00:01]} 10. Bb2 {[%emt 0:00:00]} Be7 {[%emt 0:00:00]} 11. Nbd2 {[%emt 0:00:01]} e5 {[%emt 0:00:01]} 12. Re1 {[%emt 0:00:01]} O-O {[%emt 0:00:01]} 13. Bc3 {[%emt 0:00:01]} Nd7 {[%emt 0:00:03]} 14. Nf1 {[%emt 0:00:03]} Re8 {[%emt 0:00:00]} 15. Ne3 {[%emt 0:00:02]} Nf8 {[%emt 0:00:00]} 16. Bd3 {[%emt 0:00:01]} Ne6 {[%emt 0:00:01]} 17. h3 {[%emt 0:00:01]} Nf4 {[%emt 0:00:01]} 18. Nh2 {[%emt 0:00:01]} Nd4 {[%emt 0:00:02]} 19. Nhf1 {[%emt 0:00:02]} Bf8 {[%emt 0:00:02]} 20. Bxd4 {[%emt 0:00:02]} cxd4 {[%emt 0:00:01]} 21. Nd5 {[%emt 0:00:01]} Nxd5 {[%emt 0:00:01]} 22. cxd5 {[%emt 0:00:00]} Qd7 {[%emt 0:00:02]} 23. Bc4 {[%emt 0:00:00]} Rec8 {[%emt 0:00:01]} 24. Ng3 {[%emt 0:00:01]} g6 {[%emt 0:00:01]} 25. Qg4 {[%emt 0:00:01]} Qe7 {[%emt 0:00:02]} 26. Qf3 {[%emt 0:00:02]} Bg7 {[%emt 0:00:01]} 27. Qg4 {[%emt 0:00:01]} Rc7 {[%emt 0:00:01]} 28. h4 {[%emt 0:00:01]} Bc8 {[%emt 0:00:01]} 29. Qf3 {[%emt 0:00:00]} a5 {[%emt 0:00:01]} 30. h5 {[%emt 0:00:01]} Bd7 {[%emt 0:00:01]} 31. Reb1 {[%emt 0:00:02]} Rb8 {[%emt 0:00:01]} 32. Qd3 {[%emt 0:00:06]} Rcb7 {[%emt 0:00:01]} 33. Qd2 {[%emt 0:00:01]} Rb4 {[%emt 0:00:02]} 34. hxg6 {[%emt 0:00:02]} hxg6 {[%emt 0:00:01]} 35. Rf1 {[%emt 0:00:02]} Qh4 {[%emt 0:00:01]} 36. Qd3 {[%emt 0:00:01]} Bh6 {[%emt 0:00:01]} 37. Rfd1 {[%emt 0:00:03]} Bf4 {[%emt 0:00:01]} 38. Kf1 {[%emt 0:00:01]} Bg4 {[%emt 0:00:01]} 39. Rdb1 {[%emt 0:00:02]} Qh2 {[%emt 0:00:01]} 40. Ne2 {[%emt 0:00:01]} Qh1+ {[%emt 0:00:01]} 41. Ng1 {[%emt 0:00:00]} Bh2 {[%emt 0:00:01] Praveen Prasad resigns (Lag: Av=0.67s, max=0.9s)} 0-1

[Event "Stay Safe Play From Home 274"]
[Site "Emanuel Lasker Arena"]
[Date "2020.07.03"]
[Round "3"]
[White "Toosieslide"]
[Black "SoulofWolf"]
[Result "0-1"]
[WhiteElo "2229"]
[BlackElo "2207"]
[PlyCount "160"]
[EventDate "2020.07.03"]
[EventType "swiss (blitz)"]

1. d4 {[%emt 0:00:02]} e6 {[%emt 0:00:00]} 2. c4 {[%emt 0:00:00]} Nf6 {[%emt 0:00:00]} 3. Nc3 {[%emt 0:00:00]} c5 {[%emt 0:00:00]} 4. d5 {[%emt 0:00:01]} exd5 {[%emt 0:00:00]} 5. cxd5 {[%emt 0:00:00]} d6 {[%emt 0:00:00]} 6. Nf3 {[%emt 0:00:02]} Be7 {[%emt 0:00:00]} 7. Bf4 {[%emt 0:00:01]} O-O {[%emt 0:00:00]} 8. e3 {[%emt 0:00:01]} a6 {[%emt 0:00:00]} 9. a4 {[%emt 0:00:02]} Nbd7 {[%emt 0:00:00]} 10. Bd3 {[%emt 0:00:01]} Re8 {[%emt 0:00:01]} 11. O-O {[%emt 0:00:01]} Nf8 {[%emt 0:00:00]} 12. Nd2 {[%emt 0:00:01]} Bg4 {[%emt 0:00:01]} 13. f3 {[%emt 0:00:01]} Bh5 {[%emt 0:00:01]} 14. Nc4 {[%emt 0:00:00]} Bg6 {[%emt 0:00:01]} 15. e4 {[%emt 0:00:00]} Rb8 {[%emt 0:00:04]} 16. a5 {[%emt 0:00:00]} N8d7 {[%emt 0:00:02]} 17. Na4 {[%emt 0:00:01]} Nf8 {[%emt 0:00:03]} 18. Nab6 {[%emt 0:00:01]} Nh5 {[%emt 0:00:01]} 19. Be3 {[%emt 0:00:01]} Nd7 {[%emt 0:00:01]} 20. Nxd7 {[%emt 0:00:01]} Qxd7 {[%emt 0:00:00]} 21. f4 {[%emt 0:00:03]} f5 {[%emt 0:00:05]} 22. e5 {[%emt 0:00:04]} dxe5 {[%emt 0:00:04]} 23. Nxe5 {[%emt 0:00:00]} Qd6 {[%emt 0:00:03]} 24. Rc1 {[%emt 0:00:03]} Rec8 {[%emt 0:00:02]} 25. g4 {[%emt 0:00:03]} fxg4 {[%emt 0:00:07]} 26. Bxg6 {[%emt 0:00:01]} hxg6 {[%emt 0:00:01]} 27. Qxg4 {[%emt 0:00:03]} Kh7 {[%emt 0:00:05]} 28. Rfe1 {[%emt 0:00:04]} Qf6 {[%emt 0:00:06]} 29. Rf1 {[%emt 0:00:02]} Qf5 {[%emt 0:00:01]} 30. Qxf5 {[%emt 0:00:01]} gxf5 {[%emt 0:00:00]} 31. Nd7 {[%emt 0:00:01]} Ra8 {[%emt 0:00:01]} 32. Nb6 {[%emt 0:00:01]} Nf6 {[%emt 0:00:01]} 33. Nxa8 {[%emt 0:00:01]} Rxa8 {[%emt 0:00:00]} 34. Bxc5 {[%emt 0:00:00]} Bd8 {[%emt 0:00:00]} 35. d6 {[%emt 0:00:01]} Ne4 {[%emt 0:00:00]} 36. Rfe1 {[%emt 0:00:01]} Bxa5 {[%emt 0:00:01]} 37. b4 {[%emt 0:00:01]} Bd8 {[%emt 0:00:01]} 38. Rc4 {[%emt 0:00:01]} Bf6 {[%emt 0:00:00]} 39. Rcxe4 {[%emt 0:00:01]} fxe4 {[%emt 0:00:00]} 40. Rxe4 {[%emt 0:00:00]} Rd8 {[%emt 0:00:00]} 41. f5 {[%emt 0:00:01]} Rd7 {[%emt 0:00:01]} 42. Re6 {[%emt 0:00:01]} Kh6 {[%emt 0:00:01]} 43. Kf2 {[%emt 0:00:01]} Kg5 {[%emt 0:00:00]} 44. Re3 {[%emt 0:00:01]} Kxf5 {[%emt 0:00:00]} 45. Rf3+ {[%emt 0:00:00]} Kg6 {[%emt 0:00:01]} 46. Re3 {[%emt 0:00:00]} Kf7 {[%emt 0:00:00]} 47. Rg3 {[%emt 0:00:00]} b6 {[%emt 0:00:00]} 48. Rf3 {[%emt 0:00:00]} bxc5 {[%emt 0:00:00]} 49. bxc5 {[%emt 0:00:00]} Ke6 {[%emt 0:00:00]} 50. Re3+ {[%emt 0:00:01]} Kd5 {[%emt 0:00:01]} 51. Rd3+ {[%emt 0:00:00]} Kc6 {[%emt 0:00:00]} 52. Kf1 {[%emt 0:00:00]} Kxc5 {[%emt 0:00:01]} 53. Rg3 {[%emt 0:00:00]} Kxd6 {[%emt 0:00:00]} 54. h4 {[%emt 0:00:00]} Ke6 {[%emt 0:00:00]} 55. Rg4 {[%emt 0:00:00]} Kf7 {[%emt 0:00:00]} 56. Ke2 {[%emt 0:00:00]} Rd5 {[%emt 0:00:00]} 57. h5 {[%emt 0:00:00]} Re5+ {[%emt 0:00:00]} 58. Kf3 {[%emt 0:00:01]} Rxh5 {[%emt 0:00:00]} 59. Kg2 {[%emt 0:00:00]} Rb5 {[%emt 0:00:00]} 60. Ra4 {[%emt 0:00:01]} Rb2+ {[%emt 0:00:00]} 61. Kg3 {[%emt 0:00:00]} Rb6 {[%emt 0:00:00]} 62. Kg2 {[%emt 0:00:00]} Be7 {[%emt 0:00:00]} 63. Kf1 {[%emt 0:00:00]} Bd6 {[%emt 0:00:00]} 64. Ke2 {[%emt 0:00:00]} Ke6 {[%emt 0:00:00]} 65. Re4+ {[%emt 0:00:01]} Kd7 {[%emt 0:00:00]} 66. Re3 {[%emt 0:00:00]} g6 {[%emt 0:00:00]} 67. Rd3 {[%emt 0:00:00]} Kc6 {[%emt 0:00:00]} 68. Kf3 {[%emt 0:00:00]} Rb5 {[%emt 0:00:00]} 69. Kg4 {[%emt 0:00:00]} Rc5 {[%emt 0:00:00]} 70. Rd2 {[%emt 0:00:00]} Rc4+ {[%emt 0:00:00]} 71. Kg5 {[%emt 0:00:00]} Rc5+ {[%emt 0:00:00]} 72. Kxg6 {[%emt 0:00:00]} a5 {[%emt 0:00:00]} 73. Kf7 {[%emt 0:00:00]} a4 {[%emt 0:00:00]} 74. Rb2 {[%emt 0:00:00]} Bc7 {[%emt 0:00:00]} 75. Rb6+ {[%emt 0:00:00]} Kxb6 {[%emt 0:00:01]} 76. Ke8 {[%emt 0:00:00]} Kb5 {[%emt 0:00:00]} 77. Ke7 {[%emt 0:00:00]} Bd6+ {[%emt 0:00:00]} 78. Kf7 {[%emt 0:00:00]} Be5 {[%emt 0:00:00]} 79. Kg6 {[%emt 0:00:00]} Rc4 {[%emt 0:00:00]} 80. Kf5 {[%emt 0:00:00]} Bd4 {[%emt 0:00:00] Time (Lag: Av=0.50s, max=1.1s)} 0-1

[Event "Stay Safe Play From Home 274"]
[Site "Emanuel Lasker Arena"]
[Date "2020.07.03"]
[Round "3"]
[White "The Next Contender"]
[Black "Trotsky"]
[Result "1-0"]
[WhiteElo "2010"]
[BlackElo "1627"]
[PlyCount "61"]
[EventDate "2020.07.03"]
[EventType "swiss (blitz)"]

1. d4 {[%emt 0:00:02]} d5 {[%emt 0:00:01]} 2. c4 {[%emt 0:00:00]} e6 {[%emt 0:00:00]} 3. Nf3 {[%emt 0:00:01]} c5 {[%emt 0:00:01]} 4. g3 {[%emt 0:00:00]} Nc6 {[%emt 0:00:01]} 5. Bg2 {[%emt 0:00:01]} Nf6 {[%emt 0:00:01]} 6. O-O {[%emt 0:00:01]} Qc7 {[%emt 0:00:01]} 7. dxc5 {[%emt 0:00:00]} Bxc5 {[%emt 0:00:01]} 8. cxd5 {[%emt 0:00:01]} exd5 {[%emt 0:00:01]} 9. Nc3 {[%emt 0:00:00]} Be6 {[%emt 0:00:01]} 10. Bf4 {[%emt 0:00:01]} Bd6 {[%emt 0:00:02]} 11. Bxd6 {[%emt 0:00:02]} Qxd6 {[%emt 0:00:01]} 12. Nd4 {[%emt 0:00:00]} a6 {[%emt 0:00:01]} 13. Nxe6 {[%emt 0:00:02]} fxe6 {[%emt 0:00:01]} 14. e4 {[%emt 0:00:02]} O-O-O {[%emt 0:00:01]} 15. exd5 {[%emt 0:00:01]} exd5 {[%emt 0:00:02]} 16. Rc1 {[%emt 0:00:02]} Kb8 {[%emt 0:00:02]} 17. a3 {[%emt 0:00:02]} Ng4 {[%emt 0:00:01]} 18. Qxg4 {[%emt 0:00:01]} h5 {[%emt 0:00:01]} 19. Qh4 {[%emt 0:00:01]} Ne5 {[%emt 0:00:03]} 20. Nxd5 {[%emt 0:00:01]} Ng4 {[%emt 0:00:02]} 21. h3 {[%emt 0:00:01]} Rdf8 {[%emt 0:00:08]} 22. Rfd1 {[%emt 0:00:04]} Rxf2 {[%emt 0:00:03]} 23. hxg4 {[%emt 0:00:01]} Qe5 {[%emt 0:00:08]} 24. Kxf2 {[%emt 0:00:05]} Rf8+ {[%emt 0:00:02]} 25. Kg1 {[%emt 0:00:01]} Qxb2 {[%emt 0:00:06]} 26. Nb4 {[%emt 0:00:05]} Qf2+ {[%emt 0:00:02]} 27. Kh2 {[%emt 0:00:02]} g5 {[%emt 0:00:03]} 28. Qxg5 {[%emt 0:00:02]} h4 {[%emt 0:00:01]} 29. Rd8+ {[%emt 0:00:01]} Rxd8 {[%emt 0:00:03]} 30. Qxd8+ {[%emt 0:00:00]} Ka7 {[%emt 0:00:01]} 31. Nc6+ {[%emt 0:00:01] Âðåìÿ (Lag: Av=0.35s, max=0.4s)} 1-0